Medzinárodná marketingová stratégia pri expanzii na vybraný trh regiónu západného Balkánu (s aplikáciou na slovenský podnikateľský subjekt) bakalárska práca

Gespeichert in:
Bibliographische Detailangaben
1. Verfasser: Lacko, Martin
Körperschaft: Obchodná fakulta EU. Katedra medzinárodného obchodu
Weitere Verfasser: Petríková, Hana
Format: Buch
Sprache:Slowakisch
Veröffentlicht: Bratislava 2017
Tags: Tag hinzufügen
Keine Tags, Fügen Sie das erste Tag hinzu!

MARC

LEADER 00000nbm a2200000 4500
001 0232828
005 20170818095739.9
041 0 |a slo 
044 |a SK 
245 1 0 |a Medzinárodná marketingová stratégia pri expanzii na vybraný trh regiónu západného Balkánu (s aplikáciou na slovenský podnikateľský subjekt)  |b bakalárska práca  |c Martin Lacko ; školiteľ: Hana Petríková 
264 1 |a Bratislava  |c 2017 
300 |a 68 s. 
100 1 |a Lacko, Martin 
700 1 |a Petríková, Hana 
710 2 |a Obchodná fakulta EU. Katedra medzinárodného obchodu